[Event "Zadar op-B 25th"]
[Site "Zadar"]
[Date "2018.12.16"]
[Round "3"]
[White "Vaupot, Luka"]
[Black "Doric, Nenad"]
[Result "0-1"]
[WhiteElo "1941"]
[BlackElo "2261"]
[PlyCount "102"]
[EventDate "2018.12.15"]
[EventType "swiss"]
[EventRounds "9"]
[EventCountry "CRO"]
[SourceTitle "CBM 188 Extra"]
[Source "ChessBase"]
[SourceDate "2019.02.26"]
[SourceVersion "1"]
[SourceVersionDate "2019.02.26"]
[SourceQuality "1"]

1. d4 d5 2. Nf3 c6 3. c4 Nf6 4. e3 e6 5. b3 Nbd7 6. Bd3 b6 7. 0-0 Bb7 8. Nbd2 Be7 9. Bb2 0-0 10. Ne5 c5 11. Ndf3 cxd4 12. exd4 Rc8 13. Qe2 dxc4 14. bxc4 h6 15. Rac1 Rc7 16. Rfd1 Nxe5 17. Nxe5 Qa8 18. f3 Rd8 19. Bb1 Bf8 20. Qd3 g6 21. Nxg6 fxg6 22. Qxg6+ Bg7 23. d5 Rf8 24. dxe6 Qe8 25. Qf5 Rc5 26. Qc2 Qxe6 27. Re1 Qf7 28. Ba3 Rfc8 29. Bxc5 Rxc5 30. Qd3 Bf8 31. Bc2 Qg7 32. Bb3 Kh8 33. Re2 Nh5 34. Re8 Bc6 35. Rd8 Nf4 36. Qd2 Ne6 37. Rd3 Rg5 38. Re1 Rxg2+ 39. Qxg2 Qxg2+ 40. Kxg2 Nf4+ 41. Kg3 Nxd3 42. Re6 Bd7 43. Re3 Bd6+ 44. Kh4 Nf4 45. Re4 Kg7 46. Bc2 Ng2+ 47. Kh5 Bf5 48. Rd4 Bc5 49. Rd2 Nf4+ 50. Kh4 Be3 51. Rd1 Bf2# 0-1